[Event "NK-E Algemeen 2010"]
[Site "?"]
[Date "2010.04.02"]
[Round "2.13"]
[White "Sealy, Alec"]
[Black "Schalij, Ties"]
[Result "0-1"]
[WhiteElo "621"]
[BlackElo "1240"]
[PlyCount "94"]
[EventDate "2010.??.??"]

1. e4 e5 2. Nf3 Nc6 3. d4 exd4 4. Nxd4 Bc5 5. Be3 Nf6 6. Nxc6 bxc6 7. Bxc5 Nxe4
8. Qe2 d5 9. f3 Qf6 10. Nc3 Qe6 11. fxe4 d4 12. Bxd4 O-O 13. Qe3 Rb8 14. Qg5 f6
15. Qg3 Rxb2 16. Bd3 Qe7 17. e5 Rf7 18. Bc4 Be6 19. Bxe6 Qxe6 20. O-O Qc4 21.
exf6 Qxd4+ 22. Kh1 Rxf6 23. Rxf6 Qxf6 24. Ne4 Qd8 25. Nc5 Qb8 26. h3 Qf8 27.
Ne6 Qf7 28. Nxc7 Rxc2 29. Kg1 Qc4 30. Kh2 Qd4 31. Qb3+ Rc4 32. Rc1 Qf4+ 33. Qg3
Qxg3+ 34. Kxg3 Rxc1 35. Ne6 Ra1 36. Nd8 Rxa2 37. Nxc6 a5 38. Kf3 a4 39. Nb4 Rb2
40. Nd3 Rb3 41. Ke2 a3 42. Nc1 Rb2+ 43. Kd1 a2 44. Nxa2 Rxa2 45. g4 Rf2 46. Ke1
Rf3 47. h4 Rf4 0-1

[Event "NK-E Algemeen 2010"]
[Site "?"]
[Date "2010.04.02"]
[Round "2.14"]
[White "Klein, Jorik"]
[Black "Nimwegen, Martijn van"]
[Result "1-0"]
[WhiteElo "1144"]
[BlackElo "829"]
[PlyCount "109"]
[EventDate "2010.??.??"]

1. e4 e5 2. Nf3 Nc6 3. Bc4 Nf6 4. Ng5 Qe7 5. Nxf7 Rg8 6. Ng5 d6 7. Bxg8 Nxg8 8.
Nf3 Bg4 9. Nc3 O-O-O 10. d3 Qf7 11. Bd2 Nd4 12. Be3 Nxf3+ 13. gxf3 Bxf3 14. Qd2
Bxh1 15. O-O-O Bf3 16. Rg1 b5 17. b3 b4 18. Nb5 c5 19. a3 bxa3 20. Nxa3 d5 21.
exd5 c4 22. Nxc4 Bxd5 23. Nxe5 Qf6 24. Qc3+ Kb8 25. Bd4 Ba3+ 26. Kb1 Qd6 27.
Nf7 Bxf7 28. Be5 Qxe5 29. Qxe5+ Bd6 30. Qxg7 Bg6 31. Rg5 a6 32. Ra5 Ne7 33.
Rxa6 Kb7 34. Ra4 Be8 35. Qg2+ Kc7 36. Rc4+ Kb6 37. f3 Nf5 38. Qf2+ Kb5 39. Qe1
Bf7 40. Ra4 Re8 41. Qg1 Nh4 42. c4+ Kc6 43. Ra6+ Kd7 44. Qg4+ Re6 45. Qxh4 Be7
46. Qd4+ Kc7 47. Rxe6 Bxe6 48. Qe5+ Kd7 49. Kb2 Bd6 50. Qb5+ Ke7 51. c5 Bxh2
52. c6 h6 53. Qb7+ Kf6 54. c7 Bxc7 55. Qxc7 1-0

[Event "NK-E Algemeen 2010"]
[Site "?"]
[Date "2010.04.02"]
[Round "2.15"]
[White "Kuiken, Jelle van"]
[Black "Rekveld, Bram"]
[Result "0-1"]
[WhiteElo "745"]
[BlackElo "1091"]
[PlyCount "116"]
[EventDate "2010.??.??"]

1. e4 e5 2. Nf3 Nc6 3. Bb5 a6 4. Bxc6 dxc6 5. Nxe5 Qd4 6. Nf3 Qxe4+ 7. Qe2
Qxe2+ 8. Kxe2 Bg4 9. Re1 Be7 10. Kf1 Bxf3 11. gxf3 Nf6 12. Nc3 b5 13. Ne4 O-O
14. Nxf6+ Bxf6 15. c3 c5 16. d4 cxd4 17. cxd4 Bxd4 18. Bf4 Bxb2 19. Rab1 Bc3
20. Red1 c5 21. Bd6 Rfd8 22. Bxc5 Rxd1+ 23. Rxd1 h6 24. f4 Rc8 25. Bd4 Bxd4 26.
Rxd4 Rc4 27. Rd8+ Kh7 28. Rd7 Rxf4 29. Kg2 Rf6 30. Kg3 g5 31. h4 gxh4+ 32. Kxh4
Rxf2 33. Kg3 Rf5 34. Kg4 Kg6 35. Rd6+ Rf6 36. Rd3 h5+ 37. Kh4 Rf4+ 38. Kg3 Kg5
39. Ra3 h4+ 40. Kh3 Ra4 41. Rf3 b4 42. Rxf7 Ra3+ 43. Kg2 Kg4 44. Rg7+ Kf4 45.
Rf7+ Ke5 46. Rh7 Rxa2+ 47. Kf3 b3 48. Rxh4 b2 49. Rh1 Ra1 50. Rxa1 bxa1=Q 51.
Ke3 Qa4 52. Kd3 Qe4+ 53. Kc3 Qd4+ 54. Kb3 Kd5 55. Kc2 Kc4 56. Kc1 Kc3 57. Kb1
Qb6+ 58. Ka2 Qb2# 0-1

[Event "NK-E Algemeen 2010"]
[Site "?"]
[Date "2010.04.02"]
[Round "2.16"]
[White "Martens, Vincent"]
[Black "Hoekstra, Jan"]
[Result "1-0"]
[WhiteElo "1005"]
[BlackElo "655"]
[PlyCount "54"]
[EventDate "2010.??.??"]

1. e4 e5 2. Nf3 Nc6 3. d4 Bb4+ 4. c3 Bd6 5. Bc4 Nf6 6. Bd3 Bf8 7. dxe5 Ng4 8.
Bf4 Bc5 9. O-O d6 10. exd6 cxd6 11. h3 Nge5 12. Bb5 Bd7 13. Re1 Nxf3+ 14. Qxf3
Qa5 15. Bc4 O-O-O 16. b4 Qa4 17. bxc5 Qxc4 18. cxd6 Na5 19. Nd2 Qc6 20. Qh5
Qxc3 21. Rac1 Qxc1 22. Rxc1+ Nc6 23. Nb3 Kb8 24. Na5 Nxa5 25. Qxa5 b6 26. Qa6
Bc8 27. d7+ Ka8 1-0

[Event "NK-E Algemeen 2010"]
[Site "?"]
[Date "2010.04.02"]
[Round "2.17"]
[White "Elgersma, Simon"]
[Black "Janssen, Aron"]
[Result "1-0"]
[WhiteElo "726"]
[BlackElo "991"]
[PlyCount "51"]
[EventDate "2010.??.??"]

1. e4 e5 2. Nf3 Nc6 3. Nc3 Bc5 4. Bb5 Nf6 5. O-O d6 6. h3 Bd7 7. d3 h6 8. a3
O-O 9. b4 Bd4 10. Nxd4 Nxd4 11. Bxd7 Qxd7 12. Be3 Ne6 13. Qf3 Qc6 14. Nd5 Nxd5
15. exd5 e4 16. dxe4 Qc3 17. dxe6 fxe6 18. Qg4 Kh8 19. Rac1 Qe5 20. f4 Qf6 21.
f5 exf5 22. Bg5 Qg6 23. exf5 Qf7 24. f6 Qg6 25. fxg7+ Kxg7 26. Rxf8 1-0

[Event "NK-E Algemeen 2010"]
[Site "?"]
[Date "2010.04.02"]
[Round "2.18"]
[White "Leeuwen, Louis van"]
[Black "Hermes, Tom"]
[Result "0-1"]
[WhiteElo "653"]
[BlackElo "987"]
[PlyCount "94"]
[EventDate "2010.??.??"]

1. e4 e5 2. Nf3 Nc6 3. Nc3 Nf6 4. Bc4 Bc5 5. Ng5 O-O 6. O-O h6 7. Nxf7 Rxf7 8.
Bxf7+ Kxf7 9. d3 d5 10. exd5 Nxd5 11. Qf3+ Ke6 12. Nxd5 Qxd5 13. Qxd5+ Kxd5 14.
c4+ Kd6 15. a3 Bd4 16. Be3 Bxb2 17. c5+ Ke7 18. Ra2 Bd4 19. Bxd4 Nxd4 20. Re1
Kf6 21. h3 Bxh3 22. Kh2 Be6 23. Rb2 b6 24. cxb6 axb6 25. Rb4 Rxa3 26. f4 Nc2
27. fxe5+ Ke7 28. Rc1 Nxb4 29. Rxc7+ Kd8 30. Rxg7 Rxd3 31. Rg6 Bd5 32. Rxb6 Nc6
33. g3 Nxe5 34. Rxh6 Ng4+ 35. Kh3 Nxh6 36. Kh4 Nf5+ 37. Kg5 Nxg3 38. Kf4 Ke7
39. Ke5 Ne2 40. Kf5 Re3 41. Kg4 Rf3 42. Kg5 Rf4 43. Kh6 Rg4 44. Kh7 Be6 45. Kh6
Nf4 46. Kh7 Kf7 47. Kh8 Rh4# 0-1

[Event "NK-E Algemeen 2010"]
[Site "?"]
[Date "2010.04.02"]
[Round "2.19"]
[White "Schuttevaer, Tim"]
[Black "Reddy, Quinten"]
[Result "1-0"]
[WhiteElo "936"]
[BlackElo "546"]
[PlyCount "81"]
[EventDate "2010.??.??"]

1. e4 e5 2. Nf3 Nf6 3. Nxe5 d6 4. Nf3 Qe7 5. Qe2 Nxe4 6. d3 Nf6 7. Qxe7+ Bxe7
8. Bg5 Bg4 9. Be2 h6 10. Bxf6 Bxf6 11. O-O O-O 12. Nc3 Bxc3 13. bxc3 Bxf3 14.
Bxf3 Nc6 15. Rfe1 Ne5 16. Bxb7 Rab8 17. Bd5 c6 18. Bb3 Nd7 19. Re7 Ne5 20. Rxa7
c5 21. d4 cxd4 22. cxd4 Nc6 23. Ra6 Nxd4 24. Rxd6 Ne2+ 25. Kf1 Nf4 26. g3 Nh3
27. Kg2 Ng5 28. a4 Ne4 29. Rd4 Nc3 30. a5 Ne2 31. Rd3 h5 32. a6 h4 33. a7 Ra8
34. Bd5 Rac8 35. a8=Q hxg3 36. hxg3 Rxa8 37. Rxa8 Rxa8 38. Bxa8 Nc1 39. Rd1 Ne2
40. Be4 Nc3 41. Rd8# 1-0

[Event "NK-E Algemeen 2010"]
[Site "?"]
[Date "2010.04.02"]
[Round "2.20"]
[White "Dael, Rens van"]
[Black "Hoornstra, Ischa"]
[Result "0-1"]
[WhiteElo "588"]
[BlackElo "887"]
[PlyCount "26"]
[EventDate "2010.??.??"]

1. e4 e5 2. Nf3 Nc6 3. Bb5 a6 4. Bxc6 dxc6 5. Nxe5 Bd6 6. f4 f6 7. Qh5+ g6 8.
Nxg6 hxg6 9. Qxh8 Be6 10. g3 Qe7 11. f5 gxf5 12. exf5 Bc4+ 13. Kd1 Qe2# 0-1

[Event "NK-E Algemeen 2010"]
[Site "?"]
[Date "2010.04.02"]
[Round "3.1"]
[White "Beukema, Jasper"]
[Black "Kazarian, Anna Maja"]
[Result "0-1"]
[WhiteElo "1315"]
[BlackElo "1540"]
[PlyCount "142"]
[EventDate "2010.??.??"]

1. e4 c5 2. Nf3 Nc6 3. d4 cxd4 4. Nxd4 Nf6 5. Nc3 e5 6. Nf3 Bb4 7. Bd2 Bxc3 8.
Bxc3 Nxe4 9. Bxe5 Nxe5 10. Nxe5 Qa5+ 11. c3 Qxe5 12. Qe2 Qe6 13. O-O-O Nf6 14.
Qd2 O-O 15. b3 b6 16. Bc4 Qf5 17. h3 Bb7 18. g4 Qg6 19. Rhg1 d5 20. Bd3 Ne4 21.
Qf4 Qg5 22. Qxg5 Nxg5 23. h4 Nf3 24. Rh1 Ne5 25. Be2 Rac8 26. Kb2 d4 27. Rh3
dxc3+ 28. Rxc3 Rxc3 29. Kxc3 Rc8+ 30. Kb2 Bf3 31. Bxf3 Nxf3 32. h5 Ne5 33. g5
Nf3 34. Rd5 h6 35. g6 fxg6 36. hxg6 Nh4 37. Rd6 Kf8 38. Re6 Re8 39. Rc6 Nf5 40.
Rc7 Nd6 41. Rxa7 h5 42. Ra4 Re6 43. Rh4 Rxg6 44. Rxh5 Rg2 45. Rh8+ Kf7 46. Rb8
Rxf2+ 47. Ka3 b5 48. Rb6 Ke7 49. Rc6 Rf5 50. Rc7+ Kf6 51. Rc6 Ke6 52. Rc1 g5
53. Rg1 Kf6 54. Kb2 Rf2+ 55. Kb1 Kf5 56. a4 bxa4 57. bxa4 g4 58. a5 Nb5 59. a6
Kf4 60. Rc1 g3 61. Rc4+ Kf3 62. Rc1 g2 63. a7 Nxa7 64. Rc3+ Ke2 65. Rc2+ Ke3
66. Rc3+ Kd4 67. Rc1 Rf1 68. Kc2 Rxc1+ 69. Kxc1 g1=Q+ 70. Kd2 Qf2+ 71. Kc1 Kc3
0-1

[Event "NK-E Algemeen 2010"]
[Site "?"]
[Date "2010.04.02"]
[Round "3.2"]
[White "Nguyen, Sang"]
[Black "Dijkhuis, Sven"]
[Result "0-1"]
[WhiteElo "1255"]
[BlackElo "1426"]
[PlyCount "96"]
[EventDate "2010.??.??"]

1. e4 d5 2. e5 c5 3. Nf3 Nc6 4. Bb5 Bf5 5. d4 e6 6. Bg5 Be7 7. Bxe7 Ngxe7 8.
dxc5 O-O 9. O-O Bg4 10. Be2 Bxf3 11. Bxf3 Nxe5 12. Qe2 Nxf3+ 13. Qxf3 Qa5 14.
Qe3 Nf5 15. Qc3 Qc7 16. b4 a5 17. b5 Rfc8 18. Qd3 Qxc5 19. Rc1 Qd4 20. Qxd4
Nxd4 21. Kf1 Nxc2 22. Nd2 Nxa1 23. Rxa1 Rc2 24. Nb3 g6 25. a4 b6 26. Nd4 Rc4
27. Nf3 Rac8 28. Ke2 Rc2+ 29. Nd2 d4 30. Rd1 Rc1 31. Rxc1 Rxc1 32. Kd3 Ra1 33.
Kxd4 Rxa4+ 34. Kc3 Rb4 35. Nc4 Rxb5 36. Nd6 Rc5+ 37. Kb3 b5 38. Nb7 Rf5 39. f3
a4+ 40. Ka3 Rd5 41. Kb4 Rd3 42. Nc5 a3 43. Nb3 a2 44. f4 Rxb3+ 45. Kxb3 a1=Q
46. Kb4 Qb2+ 47. Kc5 b4 48. g4 b3 0-1

[Event "NK-E Algemeen 2010"]
[Site "?"]
[Date "2010.04.02"]
[Round "3.3"]
[White "Bosma, Jan"]
[Black "Slomczewski, Michal"]
[Result "0-1"]
[WhiteElo "1051"]
[BlackElo "1404"]
[PlyCount "149"]
[EventDate "2010.??.??"]

1. e4 d5 2. Nc3 d4 3. Na4 Bd7 4. Nc5 b6 5. Nb3 e5 6. c3 dxc3 7. bxc3 Nc6 8. Bb5
a6 9. Be2 Nf6 10. d3 h6 11. Nf3 Bd6 12. O-O O-O 13. Qc2 Be6 14. d4 Bxb3 15.
axb3 b5 16. Rd1 Qc8 17. c4 exd4 18. Nxd4 Nxd4 19. Rxd4 Be5 20. Qc3 c5 21. Be3
cxd4 22. Bxd4 Bxd4 23. Qxd4 Qd8 24. Qe3 bxc4 25. Bxc4 Re8 26. f3 Qd7 27. e5 Qe7
28. Re1 Nd7 29. f4 Qc5 30. Qxc5 Nxc5 31. Ra1 Nd7 32. Bd5 Ra7 33. b4 Nb6 34. Be4
Rc8 35. Rd1 g6 36. f5 Rc4 37. Rd8+ Kg7 38. Bf3 Rc1+ 39. Kf2 Rd7 40. Rb8 Nd5 41.
fxg6 fxg6 42. e6 Rc2+ 43. Kg3 Rd6 44. Bxd5 Rxd5 45. e7 Rd3+ 46. Kf4 Rc4+ 47.
Ke5 Re3+ 48. Kd5 Rce4 49. Ra8 Rxe7 50. Rxa6 R3e5+ 51. Kc4 Rb7 52. b5 Rexb5 53.
h3 Rb4+ 54. Kc5 R7b5+ 55. Kc6 Kf6 56. g4 Rb6+ 57. Rxb6 Rxb6+ 58. Kxb6 Kg5 59.
Kc6 Kh4 60. Kd6 Kxh3 61. Ke5 Kxg4 62. Ke4 Kg3 63. Ke3 h5 64. Ke2 Kg2 65. Ke3 h4
66. Kf4 h3 67. Kg5 h2 68. Kxg6 h1=Q 69. Kf5 Qh4 70. Kg6 Qf4 71. Kh5 Qg3 72. Kh6
Qg4 73. Kh7 Qg5 74. Kh8 Kf3 75. Kh7 0-1

[Event "NK-E Algemeen 2010"]
[Site "?"]
[Date "2010.04.02"]
[Round "3.4"]
[White "Bhattacharjee, Sourav"]
[Black "Wolvers, Stephan"]
[Result "1/2-1/2"]
[WhiteElo "1562"]
[BlackElo "1024"]
[PlyCount "112"]
[EventDate "2010.??.??"]

1. e4 e5 2. Nf3 Nc6 3. Bc4 Bc5 4. b4 Bxb4 5. c3 Ba5 6. d4 exd4 7. O-O dxc3 8.
Qb3 Nf6 9. Bxf7+ Kf8 10. Ba3+ d6 11. e5 Ne4 12. exd6 cxd6 13. Re1 Bf5 14. Qd5
g6 15. Rxe4 Bxe4 16. Bxd6+ Ne7 17. Bxe7+ Qxe7 18. Qxa5 Kxf7 19. Qxc3 Rae8 20.
Qb3+ Kf8 21. Nbd2 Bf5 22. Qc3 Rg8 23. Re1 Qd7 24. Qf6+ Qf7 25. Qd6+ Kg7 26.
Qd4+ Kf8 27. Rxe8+ Qxe8 28. Qxa7 Rg7 29. Qa3+ Re7 30. h3 Be6 31. Ng5 Kg8 32.
Ndf3 h6 33. Ne4 Kf7 34. Ne5+ Kg7 35. Nf3 Kf8 36. Qc3 Bxa2 37. Qh8+ Bg8 38.
Qxh6+ Rg7 39. Nf6 Qe7 40. Ng4 Bf7 41. Nge5 Qe6 42. Qh8+ Rg8 43. Qh6+ Rg7 44.
Qe3 Be8 45. Ng5 Qf5 46. Qc5+ Re7 47. Ngf3 b6 48. Qc3 Bf7 49. Nxf7 Qxf7 50. Qh8+
Qg8 51. Qh6+ Qg7 52. Qf4+ Qf7 53. Qb8+ Qe8 54. Qf4+ Qf7 55. Qb8+ Qe8 56. Qf4+
Qf7 1/2-1/2

[Event "NK-E Algemeen 2010"]
[Site "?"]
[Date "2010.04.02"]
[Round "3.5"]
[White "Baselmans, Luuk"]
[Black "Koster, Tobias"]
[Result "1-0"]
[WhiteElo "1329"]
[BlackElo "796"]
[PlyCount "95"]
[EventDate "2010.??.??"]

1. e4 e5 2. Nf3 Nc6 3. d4 exd4 4. Bc4 Bc5 5. c3 dxc3 6. Bxf7+ Kxf7 7. Qd5+ Ke8
8. Qxc5 cxb2 9. Bxb2 Nf6 10. O-O d6 11. Qc2 Qe7 12. Nc3 Bg4 13. Qd1 Bxf3 14.
Qxf3 Nd4 15. Qd3 c5 16. Qd1 Rc8 17. Qa4+ Nd7 18. e5 dxe5 19. f4 exf4 20. Rae1
Ne6 21. Qc4 Rc6 22. Nb5 Kd8 23. Nxa7 Rd6 24. Rxf4 Rf8 25. Rfe4 Nf6 26. Rxe6 Qd7
27. Rxd6 Qxd6 28. Bxf6+ Rxf6 29. Qc2 Qd4+ 30. Kh1 c4 31. Rd1 Ke7 32. Qe2+ Re6
33. Qxe6+ Kxe6 34. Rxd4 c3 35. Rc4 Kd5 36. Rxc3 Kd4 37. Nb5+ Kd5 38. Kg1 b6 39.
Kf2 h6 40. h4 g6 41. g4 g5 42. h5 Ke4 43. Rf3 Ke5 44. Ke3 Kd5 45. Rf6 Kc5 46.
Rxh6 Kxb5 47. Rg6 Kc5 48. h6 1-0

[Event "NK-E Algemeen 2010"]
[Site "?"]
[Date "2010.04.02"]
[Round "3.6"]
[White "Knijff, Gerhard van der"]
[Black "Kuiper, Adrian"]
[Result "0-1"]
[WhiteElo "1170"]
[BlackElo "1203"]
[PlyCount "98"]
[EventDate "2010.??.??"]

1. e4 c5 2. Nf3 d6 3. Nc3 Nf6 4. Bc4 e6 5. d3 Be7 6. Bg5 Nc6 7. Qe2 Bd7 8.
O-O-O Qc7 9. d4 cxd4 10. Nxd4 O-O-O 11. Ndb5 Qb8 12. Qd3 Ne5 13. Qe2 Bc6 14. f4
Ned7 15. Qd3 Rhe8 16. f5 Ne5 17. Qe2 d5 18. exd5 exd5 19. Bb3 Neg4 20. Bxf6
Nxf6 21. Nd4 Nd7 22. Qf3 Bg5+ 23. Kb1 Re3 24. Qg4 Bf6 25. Nxd5 Bxd5 26. Bxd5
Qe5 27. Bb3 Re4 28. Qxe4 Qxe4 29. Nb5 Qe5 30. Nc3 Qxf5 31. Rhf1 Qh5 32. Ne4
Qxh2 33. Bxf7 Qc7 34. Be6 Kb8 35. Nd6 Nc5 36. Nb5 Rxd1+ 37. Rxd1 Qe5 38. c3
Qxe6 39. b3 Qf5+ 40. Kb2 Nd3+ 41. Ka3 Qxb5 42. b4 Bxc3 43. Kb3 Qxb4+ 44. Kc2
Ne1+ 45. Rxe1 Bxe1 46. a3 Qc3+ 47. Kb1 Bd2 48. a4 Qb3+ 49. Ka1 Bc3# 0-1

[Event "NK-E Algemeen 2010"]
[Site "?"]
[Date "2010.04.02"]
[Round "3.7"]
[White "Korenwinder, Tom"]
[Black "Bekkink, Joey"]
[Result "0-1"]
[WhiteElo "1025"]
[BlackElo "1144"]
[PlyCount "64"]
[EventDate "2010.??.??"]

1. d4 Nf6 2. c4 g6 3. Nf3 Bg7 4. Nc3 d6 5. Bg5 Nbd7 6. e3 O-O 7. Be2 e5 8. d5
Nc5 9. b4 Ncd7 10. O-O a5 11. a3 Qe8 12. Bxf6 Nxf6 13. c5 Qe7 14. cxd6 cxd6 15.
b5 b6 16. Na4 e4 17. Nxb6 Rb8 18. Nxc8 Rbxc8 19. Nd4 Nxd5 20. Bg4 Rc7 21. Nc6
Qg5 22. Rb1 Nc3 23. Qxd6 Nxb1 24. Qxc7 Nxa3 25. Be2 Nxb5 26. Bxb5 Qxb5 27. Nxa5
Be5 28. Qa7 Bb8 29. Qb7 Qxa5 30. Qxe4 Rc8 31. Qb7 Qc7 32. Qb2 Qxh2# 0-1

[Event "NK-E Algemeen 2010"]
[Site "?"]
[Date "2010.04.02"]
[Round "3.8"]
[White "Kevlishvili, Robby"]
[Black "Bril, Mateo"]
[Result "1-0"]
[WhiteElo "1559"]
[BlackElo "897"]
[PlyCount "51"]
[EventDate "2010.??.??"]

1. e4 e5 2. Nf3 Nc6 3. Bc4 Bc5 4. c3 h6 5. d4 exd4 6. cxd4 Bb4+ 7. Nc3 Bxc3+ 8.
bxc3 Nf6 9. e5 Ne4 10. Qd3 Ng5 11. Nxg5 hxg5 12. Qf3 O-O 13. Qh5 d5 14. Bd3 f5
15. Bxg5 Qe8 16. Qh4 Kf7 17. Qh5+ Ke6 18. Qh3 Ne7 19. c4 dxc4 20. Bxc4+ Kd7 21.
Qb3 Kd8 22. d5 b6 23. d6 cxd6 24. exd6 Kd7 25. Bxe7 Rh8 26. Bb5# 1-0

[Event "NK-E Algemeen 2010"]
[Site "?"]
[Date "2010.04.02"]
[Round "3.9"]
[White "Schalij, Ties"]
[Black "Schuttevaer, Tim"]
[Result "1-0"]
[WhiteElo "1240"]
[BlackElo "936"]
[PlyCount "67"]
[EventDate "2010.??.??"]

1. e4 c5 2. c3 Nc6 3. d4 cxd4 4. cxd4 d6 5. Nc3 Nf6 6. Bb5 Bd7 7. Nf3 g6 8. O-O
Bg7 9. Bf4 O-O 10. h3 d5 11. exd5 Nb8 12. Bxd7 Qxd7 13. Ne5 Qd8 14. Qf3 Na6 15.
Rac1 Nb4 16. Rfe1 Nbxd5 17. Nxd5 Nxd5 18. Red1 Nxf4 19. Qxf4 Qb6 20. Nd7 Qxb2
21. Nxf8 Rxf8 22. Rc7 e6 23. Rdc1 e5 24. dxe5 Bxe5 25. Qe3 Bxc7 26. Rxc7 Rd8
27. Qf3 Qa1+ 28. Kh2 Qe5+ 29. Qg3 Qb5 30. Qf4 f5 31. g3 Qf1 32. Rxb7 Kh8 33.
Qe5+ Kg8 34. Qg7# 1-0

[Event "NK-E Algemeen 2010"]
[Site "?"]
[Date "2010.04.02"]
[Round "3.10"]
[White "Roon, Sjoerd van"]
[Black "Steunenberg, Renso"]
[Result "0-1"]
[WhiteElo "1180"]
[BlackElo "822"]
[PlyCount "70"]
[EventDate "2010.??.??"]

1. e4 e5 2. Nf3 Nc6 3. Bc4 Bc5 4. d3 h6 5. Be3 Bxe3 6. fxe3 Nf6 7. Nc3 d6 8. d4
exd4 9. exd4 Bg4 10. h3 Bh5 11. O-O Qd7 12. Bb5 a6 13. Ba4 b5 14. Bb3 O-O 15.
d5 Ne5 16. Nxe5 Bxd1 17. Nxd7 Nxd7 18. Raxd1 b4 19. Ne2 Nc5 20. Nf4 Nxe4 21.
Rde1 Nd2 22. Rf2 Nxb3 23. cxb3 Rac8 24. Rf3 c5 25. Rg3 c4 26. bxc4 Rxc4 27. Nh5
g6 28. Nf6+ Kg7 29. Ne8+ Kg8 30. Nxd6 Rd4 31. Re5 Rd1+ 32. Kh2 Rd8 33. Nc4 Rc8
34. Nb6 Rcc1 35. h4 Rh1# 0-1

[Event "NK-E Algemeen 2010"]
[Site "?"]
[Date "2010.04.02"]
[Round "3.11"]
[White "Hoornstra, Ischa"]
[Black "Klein, Jorik"]
[Result "0-1"]
[WhiteElo "887"]
[BlackElo "1144"]
[PlyCount "68"]
[EventDate "2010.??.??"]

1. e4 e5 2. Nf3 Nc6 3. Bc4 Bc5 4. b4 Bxb4 5. c3 Be7 6. d4 exd4 7. O-O Nf6 8.
Re1 O-O 9. Qb3 Na5 10. Qa4 Nxc4 11. Qxc4 dxc3 12. Nxc3 d6 13. Qd3 Bg4 14. Ng5
Nd7 15. e5 Bxg5 16. Qg3 Bxc1 17. Qxg4 Bb2 18. Rad1 Bxc3 19. Re3 Bxe5 20. f4 Bf6
21. g3 c5 22. h4 Bd4 23. Rxd4 cxd4 24. Rf3 Rc8 25. Rf1 Nf6 26. Qh3 Qb6 27. Kh2
Rc2+ 28. Kh1 Qc6+ 29. Kg1 Ng4 30. h5 Rh2 31. Qxh2 Nxh2 32. Kxh2 Re8 33. h6 Re2+
34. Kh3 Qg2+ 0-1

[Event "NK-E Algemeen 2010"]
[Site "?"]
[Date "2010.04.02"]
[Round "3.12"]
[White "Rekveld, Bram"]
[Black "Elgersma, Simon"]
[Result "1-0"]
[WhiteElo "1091"]
[BlackElo "726"]
[PlyCount "53"]
[EventDate "2010.??.??"]

1. e4 e5 2. Nf3 Nc6 3. Bc4 h6 4. Nc3 Nf6 5. a3 Bc5 6. h3 O-O 7. d3 a6 8. O-O d6
9. Be3 Bxe3 10. fxe3 b5 11. Bd5 Nxd5 12. Nxd5 Be6 13. d4 exd4 14. exd4 Ne7 15.
Nxe7+ Qxe7 16. Re1 c5 17. dxc5 dxc5 18. e5 Rfd8 19. Qe2 Bc4 20. Qe4 Bd5 21. Qg4
Bxf3 22. Qxf3 Rd2 23. Qxa8+ Kh7 24. Qxa6 Qg5 25. g4 Qe3+ 26. Rxe3 Rxc2 27. Qxb5
1-0

[Event "NK-E Algemeen 2010"]
[Site "?"]
[Date "2010.04.02"]
[Round "3.13"]
[White "Harten, Lucas van"]
[Black "Mensing, Andrew"]
[Result "1-0"]
[WhiteElo "1068"]
[BlackElo "724"]
[PlyCount "87"]
[EventDate "2010.??.??"]

1. e4 c5 2. Nf3 d6 3. Nc3 Nf6 4. Bb5+ Bd7 5. Bxd7+ Qxd7 6. O-O g6 7. d3 Bg7 8.
Be3 O-O 9. Qd2 Nc6 10. Bh6 Bxh6 11. Qxh6 Ng4 12. Qh3 Rad8 13. Ng5 h5 14. f4 Nd4
15. Rac1 Ne3 16. Qxe3 f5 17. Ne2 Nxe2+ 18. Qxe2 fxe4 19. Qxe4 Qf5 20. Ne6 Qxe4
21. dxe4 Rfe8 22. Nxd8 Rxd8 23. Rcd1 e6 24. e5 d5 25. c4 d4 26. h3 d3 27. Rf3
d2 28. Rf2 Rd4 29. Rdxd2 Rxc4 30. Rd7 Rb4 31. g4 h4 32. b3 a5 33. f5 exf5 34.
gxf5 g5 35. f6 Re4 36. Re7 g4 37. f7+ Kh7 38. f8=Q+ Kg6 39. Qf5+ Kh6 40. Qxe4
gxh3 41. Qxh4+ Kg6 42. Qxh3 a4 43. Rf6+ Kg5 44. Rg7# 1-0

[Event "NK-E Algemeen 2010"]
[Site "?"]
[Date "2010.04.02"]
[Round "3.18"]
[White "Nies, Levi"]
[Black "Janssen, Aron"]
[Result "1-0"]
[WhiteElo "1010"]
[BlackElo "991"]
[PlyCount "139"]
[EventDate "2010.??.??"]

1. d4 e6 2. e4 d5 3. Nc3 Nf6 4. e5 Ne4 5. Nxe4 dxe4 6. c3 Nc6 7. Qe2 Qd5 8. Qg4
Bd7 9. Ne2 O-O-O 10. Ng3 g6 11. Qxe4 Qa5 12. Bc4 Bg7 13. Bg5 Rde8 14. O-O Rhf8
15. d5 exd5 16. Bxd5 Bxe5 17. Bh6 Bg7 18. Qh4 Bxh6 19. Bxc6 Bxc6 20. Qxh6 Qd5
21. Qh3+ Bd7 22. Qxh7 Rh8 23. Qg7 Bc6 24. f3 Qc5+ 25. Qd4 Qxd4+ 26. cxd4 Rd8
27. Rad1 Rhe8 28. Rf2 Re7 29. Re2 Red7 30. Ne4 Rxd4 31. Rxd4 Rxd4 32. Kf2 Bb5
33. Rc2 Bd3 34. Rd2 b6 35. Ke3 Rb4 36. Kxd3 c5 37. Nd6+ Kb8 38. Nxf7 Rf4 39.
Ne5 g5 40. g3 Rf5 41. Ke4 Rf8 42. Nd7+ Kc8 43. Nxf8 a5 44. Rd6 Kc7 45. Rg6 Kb7
46. Rxg5 Ka6 47. h4 Kb5 48. h5 Kc4 49. Nd7 b5 50. Rxc5+ Kb4 51. h6 a4 52. a3+
Ka5 53. Rc8 Ka6 54. Nc5+ Kb6 55. Nxa4+ bxa4 56. Ra8 Kb5 57. Rxa4 Kxa4 58. h7
Kb5 59. h8=Q Kc4 60. Qc3+ Kb5 61. b4 Ka4 62. b5 Kxb5 63. a4+ Ka6 64. Qb4 Ka7
65. g4 Ka6 66. g5 Ka7 67. g6 Ka6 68. g7 Ka7 69. g8=Q Ka6 70. Qa8# 1-0

[Event "NK-E Algemeen 2010"]
[Site "?"]
[Date "2010.04.02"]
[Round "3.19"]
[White "Makkus, Stijn"]
[Black "Hoekstra, Jan"]
[Result "0-1"]
[WhiteElo "851"]
[BlackElo "655"]
[PlyCount "72"]
[EventDate "2010.??.??"]

1. e4 e5 2. Nf3 Nc6 3. Nc3 Nf6 4. Bc4 Bb4 5. Ng5 O-O 6. d3 Bxc3+ 7. bxc3 d6 8.
d4 Bg4 9. f3 Bd7 10. dxe5 dxe5 11. Bd5 Nxd5 12. exd5 Na5 13. d6 cxd6 14. h4 h6
15. Ne4 Nc4 16. Nxd6 Qc7 17. Nxc4 Qxc4 18. Qxd7 Qxc3+ 19. Kd1 Qxa1 20. Re1 Rfd8
21. Qxd8+ Rxd8+ 22. Ke2 Qxa2 23. Rd1 Qxc2+ 24. Bd2 Qd3+ 25. Kf2 b5 26. Ba5 Qxd1
27. Bxd8 Qxd8 28. f4 b4 29. fxe5 b3 30. e6 b2 31. exf7+ Kxf7 32. Kg1 b1=R+ 33.
Kh2 Rb3 34. h5 Qc7+ 35. g3 Qxg3+ 36. Kh1 Rb1# 0-1

[Event "NK-E Algemeen 2010"]
[Site "?"]
[Date "2010.04.02"]
[Round "3.20"]
[White "Scheerhoorn, Joep"]
[Black "Leeuwen, Louis van"]
[Result "1-0"]
[WhiteElo "850"]
[BlackElo "653"]
[PlyCount "95"]
[EventDate "2010.??.??"]

1. e4 e5 2. Nf3 Nc6 3. Bc4 Nf6 4. Ng5 d5 5. exd5 Nxd5 6. Bxd5 Qxg5 7. O-O Bh3
8. d3 Qg6 9. Re1 Bg4 10. Bf3 Bxf3 11. Qxf3 Nd4 12. Qd1 O-O-O 13. Be3 Bc5 14.
Bxd4 Bxd4 15. Rf1 Bxb2 16. Nd2 Bxa1 17. Qxa1 e4 18. Nxe4 f5 19. Nc3 Rhe8 20. h3
Qg5 21. Qb2 b6 22. Qb5 Re6 23. Ne4 Qg6 24. Nc3 Qf6 25. Nd5 Re5 26. Qa6+ Kb8 27.
Nxf6 gxf6 28. Qc4 b5 29. Rb1 Rdd5 30. Qc3 Rc5 31. Qd4 Rcd5 32. Qc3 Rc5 33. Qd2
Ka8 34. d4 Red5 35. Qf4 Rc4 36. c3 Rxc3 37. g4 Rxh3 38. gxf5 Rh5 39. Qxc7 Rg5+
40. Kf1 Rg8 41. Qc6+ Kb8 42. Qxd5 Rg7 43. Rxb5+ Kc8 44. Qa8+ Kc7 45. Qxa7+ Kc6
46. Qa6+ Kd7 47. Rb7+ Kc8 48. Qa8# 1-0

[Event "NK-E Algemeen 2010"]
[Site "?"]
[Date "2010.04.02"]
[Round "3.21"]
[White "Nimwegen, Martijn van"]
[Black "Dael, Rens van"]
[Result "0-1"]
[WhiteElo "829"]
[BlackElo "588"]
[PlyCount "64"]
[EventDate "2010.??.??"]

1. e4 e5 2. Nf3 Nc6 3. Bc4 Bc5 4. O-O Nf6 5. Nc3 Ng4 6. h3 Bxf2+ 7. Rxf2 Nxf2
8. Kxf2 O-O 9. d3 h6 10. g4 Nd4 11. Nxd4 exd4 12. Nd5 Qh4+ 13. Ke2 Qxh3 14. Nf4
Qh2+ 15. Ke1 Qg1+ 16. Ke2 Qxg4+ 17. Ke1 Qh4+ 18. Ke2 d6 19. Kf1 Qh1+ 20. Kf2
Qxd1 21. Nd5 Qxc2+ 22. Kg3 Qe2 23. Ne7+ Kh7 24. Nf5 Qf1 25. b3 Bxf5 26. exf5
Qxf5 27. Bb2 Rae8 28. Bxd4 Re2 29. Bxa7 Qg5+ 30. Kf3 Qg2+ 31. Kf4 g5+ 32. Kf5
Qf3# 0-1

[Event "NK-E Algemeen 2010"]
[Site "?"]
[Date "2010.04.02"]
[Round "3.22"]
[White "Reddy, Quinten"]
[Black "Kuiken, Jelle van"]
[Result "0-1"]
[WhiteElo "546"]
[BlackElo "745"]
[PlyCount "98"]
[EventDate "2010.??.??"]

1. e4 e5 2. Nf3 Nc6 3. Bb5 Nf6 4. Bxc6 dxc6 5. d3 Bb4+ 6. c3 Bc5 7. Nxe5 O-O 8.
d4 Bd6 9. O-O Bxe5 10. dxe5 Qxd1 11. Rxd1 Nxe4 12. Nd2 Rd8 13. b4 Nxd2 14. Bxd2
Bg4 15. f3 Bf5 16. Rac1 a5 17. Bf4 Rxd1+ 18. Rxd1 axb4 19. cxb4 h6 20. e6 fxe6
21. Bxc7 Rxa2 22. Rd8+ Kf7 23. Rd1 Bc2 24. Rd2 Ra1+ 25. Kf2 Ba4 26. g4 b6 27.
Bxb6 Rb1 28. Ba5 g5 29. Rd7+ Kf6 30. Rd6 Rb2+ 31. Kg3 Rb1 32. Kf2 Rb2+ 33. Kg3
Bb5 34. Bd8+ Ke5 35. Rd7 c5 36. Rb7 Rxb4 37. Ba5 Rb3 38. Bc7+ Kd4 39. Rb6 c4
40. Rxe6 c3 41. Re4+ Kd3 42. Re1 c2 43. Ba5 Rb1 44. Rxb1 cxb1=Q 45. Kf2 Qc2+
46. Kg3 Ke3 47. Bb6+ Ke2 48. Bf2 Kf1 49. Bb6 Qg2# 0-1